Environment and development in Kenya : (Record no. 3067)
[ view plain ]
| 000 -LEADER | |
|---|---|
| fixed length control field | 00662nam a22001932 4500 |
| 001 - CONTROL NUMBER | |
| control field | 0000006171 |
| 005 - DATE AND TIME OF LATEST TRANSACTION | |
| control field | 20151217145830.0 |
| 008 - FIXED-LENGTH DATA ELEMENTS--GENERAL INFORMATION | |
| fixed length control field | 080115s xx 000 0 eng d |
| 020 ## - INTERNATIONAL STANDARD BOOK NUMBER | |
| International Standard Book Number | 02508265 : |
| Terms of availability | KES |
| 040 ## - CATALOGING SOURCE | |
| Original cataloging agency | KABU |
| Transcribing agency | KABU |
| 245 10 - TITLE STATEMENT | |
| Title | Environment and development in Kenya : |
| Remainder of title | research papers presented at the 1997/98 academy public lectures series on biodiversity / |
| Statement of responsibility, etc. | editor: Shem O. Wandiga. |
| 260 ## - PUBLICATION, DISTRIBUTION, ETC. (IMPRINT) | |
| Place of publication, distribution, etc. | Nairobi : |
| Name of publisher, distributor, etc. | KNAS, |
| Date of publication, distribution, etc. | 2006. |
| 300 ## - PHYSICAL DESCRIPTION | |
| Extent | ix, 52 p. |
| 650 #0 - SUBJECT ADDED ENTRY--TOPICAL TERM | |
| Topical term or geographic name as entry element | Biodiversity |
| General subdivision | Conservation |
| Geographic subdivision | Kenya. |
| -- | 0000157566 |
| 700 1# - ADDED ENTRY--PERSONAL NAME | |
| Personal name | Wandiga, Shem O. |
| -- | 0000157567 |
| 908 ## - PUT COMMAND PARAMETER (RLIN) | |
| Put command parameter | 080115 |
| 950 ## - LOCAL HOLDINGS (RLIN) | |
| -- | 1 |
| Withdrawn status | Lost status | Source of classification or shelving scheme | Not for loan | Home library | Current library | Date acquired | Total Checkouts | Full call number | Barcode | Date last seen | Price effective from | Koha item type | Date last checked out |
|---|---|---|---|---|---|---|---|---|---|---|---|---|---|
| Library of Congress Classification | Kabarak, Main Campus | Kabarak, Main Campus | 17/12/2015 | QH77 .K4E58 | 011448 | 17/12/2015 | 17/12/2015 | General Collection | |||||
| Library of Congress Classification | Kabarak, Main Campus | Kabarak, Main Campus | 17/12/2015 | 1 | QH77 .K4E58 | 009847 | 17/07/2018 | 17/12/2015 | Africana Collection | 30/06/2018 |